Ambiente y educación : una apuesta al futuro /

Guardado en:
Autor Principal: Gurevich, Raquel
Otros Autores: Bachmann, Lía, Castro, Hortensia, González, Silvia, Reboratti, Carlos
Formato: Libro
Publicado: Buenos Aires : Paidós, 2011
Series:Voces de la educación
Materias:
Etiquetas: Agregar Etiqueta
Sin Etiquetas, Sea el primero en etiquetar este registro!
LEADER 00848nam a22002895a 4500
001 CEM.cems013922
008 130507s2011##################000#0#####d
005 20210705091656.0
003 CEMS
245 1 0 |a Ambiente y educación :  |b una apuesta al futuro /  |c Compilado Por Raquel Gurevich; analía Almirón y Otros 
260 |a Buenos Aires :  |b Paidós,  |c 2011 
300 |a 256 p. 
490 0 |a Voces de la educación 
590 |a 1067.013 
020 |a 9789501215342 
100 1 |a Gurevich, Raquel 
700 1 |a Bachmann, Lía 
700 1 |a Castro, Hortensia 
700 1 |a González, Silvia 
700 1 |a Reboratti, Carlos 
653 |a Educación 
653 |a Ambiente 
653 |a Naturaleza 
653 |a Impacto ambiental 
653 |a Recursos naturales 
653 |a Biblioteca TC 
859 |a CEMS  |b BIB. CEMS - 11 de abril  |h TC  |p 1067.013  |t Ej.1